| 000 | 00504nam a2200181Ia 4500 | ||
|---|---|---|---|
| 999 |
_c16413 _d16413 |
||
| 003 | OSt | ||
| 005 | 20200606115917.0 | ||
| 008 | 190216s9999||||xx |||||||||||||| ||und|| | ||
| 020 | _a8187818867 | ||
| 040 | _cMESKC library | ||
| 082 |
_a004 _bNAR/C |
||
| 100 |
_aNaramga, Priyanka _9278 |
||
| 245 | 0 |
_aComputer Shiksha / _cPriyanka Naramga |
|
| 260 |
_bLakshya Publications, _aNew Delhi: _c2004. |
||
| 300 | _a104p | ||
| 650 | _aHindi | ||
| 942 |
_cBK _2ddc _h004 _iNAR/C _k004 _mNAR/C |
||